000 00505nam a2200169 i 4500
001 bg
100 1 _aABLEWICZ, Zbigniew
245 0 _aOsłony przed promieniowaniem jonizującym /
_cZbigniew Ablewicz, W. B. Dubrowski.
260 _aWarszawa, Arkady,
_c1986.
650 9 _aPromieniowanie jonizujące
_xstosowanie
650 9 _aKonstrukcje osłonowe
_xbadanie
040 _cBPK
041 _apol
080 _a539.1+621.039:620.9:624.01/.07
942 _cKS
008 s pl f |000 0 pol
999 _c49766
_d49766
856 _uhttp://koha.tu.koszalin.pl/cgi-bin/koha/opac-detail.pl?biblionumber=49766
_yKatalog online BPK